1461 1846 1419 1229 1062 1122 1956 1522 1971 1472 1342 1554 1819 1786 1739 1714 1944 1284 1303 1420 1108 1265 1944 1866 1625 1162 1932 1166 1261 1728 1026 1200 1001 1332 1998 1671 1295 1170 1724 1153 1373 1317 1032 1054 1435 1293 1223 1432 1978 1530 1516 1080 1137 1050 1286 1209 1520 1965 1008 1846 1801 1906 1632 1250 1100 1584 1981 1428 1915 1979 1682 1861 1714 1754 1844 1166 1738 1670 1408 1980 1699 1125 1227 1798 1032 1343 1965 1916 1028 1400 1268 1517 1637 1375 1106 1554 1918 1485 1234 BCNSPRNW ULIB Ver.6.0+V

เปลี่ยนเป็นภาษาไทย

Change to English
 แสดงรายละเอียดบรรณานุกรม
  กลับหน้าหลัก

Brief Record : Get Marc (ISO 2709) : E-mail record : QR code < ปิดหน้าต่าง
LEADER : 00000nam 2200000uu 4500
001    13399125624
003     ULIB
008    170711s||||||||th 000 0 tha d
020    ^a9786163980304
040    ^abns
060 04 ^aWM190^bณ259บ
100 0  ^aณหทัย วงศ์ปการันย์
245 10 ^aบุคลิกภาพแปรปรวน :^bการประเมินและการรักษา = Personalitydisorders : assessment and treatment /^cณหทัย วงศ์ปการันย์,ทินกร วงศ์ปการันย์
246 31 ^aPersonality disorders :^bassessment and treatment
250    ^aฉบับปรับปรุง
260    ^aเชียงใหม่ :^bภาควิชาจิตเวชศาสตร์ คณะแพทยศาสตร์ มหาวิทยาลัยเชียงใหม่,^c2558
300    ^aก-ฌ, 504 หน้า :^bภาพประกอบ ;^c23 ซม.
650  4 ^aบุคลิกภาพผิดปกติ
700 0  ^aทินกร วงศ์ปการันย์
710 2  ^aมหาวิทยาลัยเชียงใหม่.^bคณะแพทยศาสตร์.^bภาควิชาจิตเวชศาสตร์
945    ^p0^l0^i002600
945    ^p0^l0^i002601
999    ^aประนอม เกษจรัล
รายการนี้ยังไม่มีแท็ก
คุณยังไม่ได้ล็อกอิน คุณสามารถมีกิจกรรมร่วมกับเว็บไซต์ได้ แต่ต้องล็อกอินก่อน ::
  ล็อกอิน

รายการสื่อสารสนเทศ

ลำดับที่ ประเภท เลขเรียก/บาร์โค้ด สถานที่ สถานะ
1. วิทยาศาสตร์การแพทย์ และสุขภาพ
วิทยาศาสตร์การแพทย์ และสุขภาพ
สถานะ=หนังสือเก่า
WM190 ณ259บ ฉ.1 
  Barcode: 002600
ห้องสมุดวิทยาเขตสวรรค์ประชารักษ์
►ส่วนจัดเก็บหนังสือเก่า สปร
บนชั้น
  ขอยืม
2. วิทยาศาสตร์การแพทย์ และสุขภาพ
วิทยาศาสตร์การแพทย์ และสุขภาพ
สถานะ=หนังสือเก่า
WM190 ณ259บ ฉ.2 
  Barcode: 002601
ห้องสมุดวิทยาเขตสวรรค์ประชารักษ์
►ส่วนจัดเก็บหนังสือเก่า สปร
บนชั้น
  ขอยืม

รายการใกล้เคียง
    ผู้แต่ง [ณหทัย วงศ์ปการันย์]

    หัวเรื่อง [บุคลิกภาพผิดปกติ]

BibComment


ยังไม่เคยถูกคอมเมนท์

คอมเมนท์ทรัพยากรรายการนี้
  คอมเมนท์: บุคลิกภาพแปรปรวน..


 Copyright 2026. Bcnsprnw @Library